Minecraft: Stick Crafting Recipes - Statistics

General Stats
  • This quiz has been taken 92 times
  • The average score is 39 of 49
Answer Stats
Recipe Answer % Correct
1x Stick + 1x Coal/Charcoal Torch
100%
1x Stick + 1x Feather + 1x Flint Arrow
95%
1x Stick + 2x Diamond Diamond Sword
92%
1x Stick + 1x Cobblestone Lever
92%
1x Stick + 2x Planks Wooden Sword
91%
1x Stick + 2x Gold Ingot Golden Sword
89%
1x Stick + 2x Iron Ingot Iron Sword
89%
1x Stick + 1x Redstone Dust Redstone Torch
89%
2x Stick + 2x Diamond Diamond Hoe
88%
2x Stick + 1x Diamond Diamond Shovel
88%
1x Stick + 2x Cobblestone/Blackstone/Cobbled Deepslate Stone Sword
88%
2x Stick + 3x Diamond Diamond Axe
86%
2x Stick + 2x Gold Ingot Golden Hoe
86%
2x Stick + 1x Gold Ingot Golden Shovel
86%
2x Stick + 2x Iron Ingot Iron Hoe
86%
2x Stick + 1x Iron Ingot Iron Shovel
86%
2x Stick + 1x Cobblestone/Blackstone/Cobbled Deepslate Stone Shovel
86%
2x Stick + 2x Planks Wooden Hoe
86%
2x Stick + 3x Planks Wooden Pickaxe
86%
2x Stick + 1x Planks Wooden Shovel
86%
2x Stick + 3x Gold Ingot Golden Axe
85%
2x Stick + 2x Cobblestone/Blackstone/Cobbled Deepslate Stone Hoe
85%
2x Stick + 3x Cobblestone/Blackstone/Cobbled Deepslate Stone Pickaxe
85%
2x Stick + 3x Planks Wooden Axe
85%
2x Stick + 3x Diamond Diamond Pickaxe
83%
2x Stick + 3x Gold Ingot Golden Pickaxe
83%
2x Stick + 3x Iron Ingot Iron Axe
83%
2x Stick + 3x Iron Ingot Iron Pickaxe
83%
1x Stick + 1x Coal/Charcoal + 1x Soul Sand/Soul Soil Soul Torch
83%
2x Stick + 3x Cobblestone/Blackstone/Cobbled Deepslate Stone Axe
83%
3x Stick + 3x String Bow
78%
1x Stick + 6x Planks Sign
78%
3x Stick + 2x String Fishing Rod
77%
8x Stick + 1x Leather Item Frame
77%
7x Stick Ladder
74%
8x Stick + 1x Wool Painting
74%
1x Stick + 6x Iron Ingot Rail
74%
1x Stick + 6x Wool Banner
71%
1x Stick + 6x Gold Ingot + 1x Redstone Dust Powered Rail
71%
1x Stick + 1x Iron Ingot + 1x Planks Tripwire Hook
69%
3x Stick + 1x Coal/Charcoal + 3x Log/Stem/Wood/Hyphae Campfire
66%
2x Stick + 4x Planks Wooden Fence
65%
1x Stick + 1x Copper Ingot + 1x Feather Brush
63%
4x Stick + 2x Planks Wooden Fence Gate
63%
3x Stick + 3x Log/Stem/Wood/Hyphae + 1x Soul Sand/Soul Soil Soul Campfire
62%
6x Stick + 1x Smooth Stone Slab Armor Stand
60%
2x Stick + 6x Iron Ingot + 1x Redstone Torch Activator Rail
55%
3x Stick + 1x Iron Ingot + 2x String + 1x Tripwire Hook Crossbow
48%
2x Stick + 2x Planks + 1x Stone Slab Grindstone
45%
No matching quizzes found
Score Distribution
Percent of People with Each Score
Percentile by Number Answered
Your Score History
You have not taken this quiz